000 01137nam a2200289 c 4500
003 BLK
005 20180928144938.0
008 180409b bul|||||r ||||||| ||bul||
010 _aKNG00114682000
020 _a954-733-114-0
_bиздат.: Прозорец
040 _aBLK
041 _aBUL
_cBUL
080 _aХоландска литература в Белгия
_b821.112.5(493)
_x-1
_z821.112.5(493)-1
100 1 _aРохеман, Вилем М.
_eпърви автор
_9117106
700 1 _aДанчева-Манолова, Анета
_eпрев. от фламанд.
_9367058
139 _aРохеман, Вилем М.
_bР 87
245 1 0 _aВ музея на всекидневието
_bИзбрани стихове
_cВилем М. Рохеман; прев. от фламанд. Анета Данчева-Манолова.
257 _aBEL
260 София
_bПрозорец
_c2003
_fСофия : Анго бой
300 _a39 с.
_c24 см
380 _aX
852 _aЦб 220773
856 4 _qpdf
_u
856 4 _qpdf
_u
942 _cKNG
_n0
_01
944 _aCR
_c18.08.2004
_kГеновева_Генчева
944 _aED
_c19.08.2004
_k
999 _c109367
_d109367